Les Îles de loisirs d'Île-de-France sur une carte - Statistiques

Statistiques générales
  • Ce quiz a été pris 28 fois
  • Le résultat moyen est 9 sur 12
Réponses sur la Carte
Les réponses sont colorées sur une échelle allant du rouge au vert en fonction du pourcentage des utilisateurs qui les ont devinées à leur premier essai. Vous pouvez retrouver ces pourcentages ci-dessous.
 
Statistiques - réponses
Réponse % Correct
Île de loisirs de Créteil
96%
Île de loisirs d'Étampes
92%
Île de loisirs de Cergy-Pontoise
88%
Île de loisirs de Vaires-Torcy
84%
Île de loisirs de Saint-Quentin-en-Yvelines
80%
Île de loisirs de Bois-le-Roi
68%
Île de loisirs des Boucles de Seine
68%
Île de loisirs du Val-de-Seine
64%
Île de loisirs de Buthiers
56%
Île de loisirs de Jablines-Annet
56%
Île de loisirs de la Corniche des Forts
52%
Île de loisirs du Port-aux-Cerises
48%
Aucun quiz correspondant
Distribution des résultats
% des personnes avec chaque résultat
Percentile par nombre de réponses
Votre historique - résultats
Vous n’avez pas pris ce quiz